000
00268nam a2200109Ia 4500
008
190914s9999||||xx |||||||||||||| ||und||
100
_a
Shyam Dua
245
4
_a
The Luminous Life of Steffi Graf
260
_a
New Delhi
_b
Vision Books
_c
2001
300
_a
415
942
_c
BK
999
_c
8959
_d
8959